<?xml version="1.0" encoding="UTF-8"?>
<collection xmlns="http://www.loc.gov/MARC21/slim">
 <record>
  <leader>00970nam a2200301   4500</leader>
  <controlfield tag="001">000025373</controlfield>
  <controlfield tag="003">21866</controlfield>
  <controlfield tag="005">20171005151028.0</controlfield>
  <controlfield tag="008">171005s2016                        viesd</controlfield>
  <datafield tag="020" ind1=" " ind2=" ">
   <subfield code="a">978-604-57-1664-9</subfield>
   <subfield code="c">40000</subfield>
  </datafield>
  <datafield tag="041" ind1="0" ind2=" ">
   <subfield code="a">vie</subfield>
  </datafield>
  <datafield tag="082" ind1="1" ind2="4">
   <subfield code="a">297</subfield>
   <subfield code="b">HO-X</subfield>
  </datafield>
  <datafield tag="100" ind1="1" ind2=" ">
   <subfield code="a">Hoàng Tâm Xuyên</subfield>
  </datafield>
  <datafield tag="245" ind1="1" ind2="0">
   <subfield code="a">Về đạo Islam</subfield>
   <subfield code="c">Hoàng Tâm Xuyên</subfield>
   <subfield code="k">Sách tham khảo</subfield>
  </datafield>
  <datafield tag="260" ind1=" " ind2=" ">
   <subfield code="a">H.</subfield>
   <subfield code="b">Chính trị quốc gia</subfield>
   <subfield code="c">2016</subfield>
  </datafield>
  <datafield tag="300" ind1=" " ind2=" ">
   <subfield code="a">120 tr.</subfield>
   <subfield code="c">21 cm.</subfield>
  </datafield>
  <datafield tag="650" ind1="0" ind2="4">
   <subfield code="a">Đạo Hồi</subfield>
   <subfield code="x">Lịch sử</subfield>
  </datafield>
  <datafield tag="653" ind1=" " ind2=" ">
   <subfield code="a">Đạo Islam</subfield>
  </datafield>
  <datafield tag="OWN" ind1=" " ind2=" ">
   <subfield code="a">LSP</subfield>
  </datafield>
  <datafield tag="AVA" ind1=" " ind2=" ">
   <subfield code="a">UDN50</subfield>
   <subfield code="b">LSP</subfield>
   <subfield code="d">297 HO-X</subfield>
   <subfield code="e">available</subfield>
   <subfield code="t">Error 5001 Not defined in file expand_doc_bib_avail.</subfield>
   <subfield code="f">2</subfield>
   <subfield code="g">0</subfield>
   <subfield code="h">N</subfield>
   <subfield code="i">0</subfield>
   <subfield code="k">1</subfield>
  </datafield>
  <datafield tag="999" ind1=" " ind2=" ">
   <subfield code="a">From the UDN01</subfield>
  </datafield>
  <datafield tag="AVA" ind1=" " ind2=" ">
   <subfield code="a">UDN50</subfield>
   <subfield code="b">LSP</subfield>
   <subfield code="d">297 HO-X</subfield>
   <subfield code="e">available</subfield>
   <subfield code="t">Error 5001 Not defined in file expand_doc_bib_avail.</subfield>
   <subfield code="f">2</subfield>
   <subfield code="g">0</subfield>
   <subfield code="h">N</subfield>
   <subfield code="i">0</subfield>
   <subfield code="k">1</subfield>
  </datafield>
  <datafield tag="TYP" ind1=" " ind2=" ">
   <subfield code="a">Monograph</subfield>
  </datafield>
  <datafield tag="TYP" ind1=" " ind2=" ">
   <subfield code="a">Printed language</subfield>
  </datafield>
  <datafield tag="980" ind1=" " ind2=" ">
   <subfield code="a">Mạng thư viện Đại học Đà Nẵng</subfield>
  </datafield>
 </record>
</collection>
